000 02148cam a22004694i 4500
003 PE-LiUPU
005 20250731184557.0
008 150706s r 000 0 d
020 _a 9972267806
035 _a(Sirsi) i9789972267802
040 _aPE-LiUPU
_bspa
_cPE-LiUPU
_erda
049 _aPRUA
082 0 4 _a985.072
_bF
_221
245 0 1 _aFernando Belaunde Terry :
_bperuanidad, democracia, integración /
264 1 _aLima :
_bBeta Comunicaciones,
_c2006.
300 _a502 páginas :
_bilustraciones (algunas col.), retrs. ;
_c29 centímetros
336 _atext
_2rdacontent
337 _aunmediated
_2rdamedia
338 _avolume
_2rdacarrier
505 0 _aFamilia Patricia -- Exilio Paterno -- Renovador del medio arquitectónico y urbanístico -- Iniciación política -- Maestro por antonomasia -- Abanderado de la juventud -- El Perú como doctrina -- Pueblo por pueblo -- Líder de la oposición -- Primer gobierno -- Besamanos al medio día, insurrección en la noche -- Largo destierro -- Nefasta dictadura -- Segundo gobierno -- Pionero de la integración continental -- Personalidad paradigmática -- Patriarca de la democracia -- Violeta: Ferviente entrega a la causa del país -- Por siempre en el corazón del pueblo.
526 _aP136
526 _aP135
526 _aP134
526 _aP133
526 _aP144
526 _aP143
526 _aP87
526 _aP35
526 _aP20
526 _aP14
526 _aP10
526 _aP06
600 1 _aBelaunde Terry, Fernando, 1912-2002
650 0 4 _aPresidentes
_zPerú
_ySiglo XX
_vBiografía.
700 _aMongrut Muñoz, Octavio,
_ecoordinador.
_96273
710 _aFondo Editorial Pro Biografía del Presidente Fernando Belaunde Terry
_eeditor.
_96271
910 _agl
942 _2ddc
_cBOOK
949 _a985.072 F
_wDEWEY
_c1
_i61262
_lCCODEBUL1
_mBUL
_p20.00
_r0
_sY
_tBOOK
_u2015-7-6
_xEDUCACION
_zUNKNOWN
_0COMPRA
_o.STAFF. Colección General
980 _81
_gALBERTO SANCHEZ Responsable de Automatización
999 _c50527
_d50527